[Event "Stay Safe Play From Home 197"]
[Site "T#646544Emanuel Laske"]
[Date "2020.06.03"]
[Round "3"]
[White "Little champs"]
[Black "Toosieslide"]
[Result "0-1"]
[WhiteElo "2215"]
[BlackElo "2208"]
[Annotator "TA"]
[PlyCount "114"]
[EventDate "2020.06.03"]
[EventType "swiss (blitz)"]

{[%evp 9,113,0,12,0,0,0,-2,-27,-2,-24,-10,-53,-48,-56,-50,-58,-53,-137,-145,-146,-135,-120,-123,-123,-103,-122,-103,-101,-109,-108,-96,-105,-117,-116,-91,-91,-87,-708,-694,-766,-677,-743,-716,-783,-783,-758,-707,-871,-872,-872,-835,-861,-843,-838,-838,-999,-973,-2191,-2307,-1603,-859,-1346,-890,-1297,-1259,-29975,-29976,-29974,-29975,-29978,-29976,-29990,-29976,-29982,-29983,-29984,-29982,-29986,-29983,-29983,-29984,-29987,-29986,-29988,-29989,-29989,-29987,-29986,-29987,-29990,-29991,-29991,-29991,-29992,-29993,-29993,-29991,-29993,-29993,-29994,-29995,-29996,-29995,-29995,-29996,-29999]} 1. d3 d5 2. e3 Nf6 3. Nf3 c6 4. Be2 {[#]} Bf5 $146 ({Predecessor:} 4... Bg4 5. h3 Bxf3 6. Bxf3 d4 7. exd4 Qxd4 8. c3 Qe5+ 9. Kd2 e6 10. Re1 Qa5 {0-1 (28) Fiala,T-Hava,P Plzen 2000}) 5. O-O e6 6. c4 {A00: Irregular Openings.} h6 7. cxd5 exd5 8. Nc3 {The position is equal.} Be7 9. Nd4 Bg6 10. Nb3 O-O 11. Bf3 Nbd7 12. e4 {[%cal Re4d5]} Ne5 13. Be2 (13. Be3 $15) 13... dxe4 $17 14. dxe4 Nxe4 ({Don't do} 14... Bxe4 15. Nxe4 Nxe4 16. Be3 $15) 15. Nxe4 Bxe4 16. Be3 Qxd1 17. Raxd1 b6 18. Bd4 Ng6 19. Rfe1 Bd5 20. Bf1 Bb4 21. Bc3 Bxc3 22. bxc3 Rfe8 23. Bc4 $2 {[%mdl 8192] [#]} (23. c4 $17 Be6 24. Nd4) 23... Bxc4 $19 24. Nd2 Be2 25. Rc1 Ba6 26. c4 Rxe1+ 27. Rxe1 Kf8 28. f4 Nxf4 29. Re4 Ne6 30. Nf3 Ng5 31. Nxg5 hxg5 {[%mdl 4096] Endgame KRB-KR} 32. Re5 f6 33. Re6 Bxc4 34. Rxc6 Bd5 35. Rc7 Re8 36. Rxa7 Re2 37. a4 Rxg2+ {Black mates.} 38. Kf1 Rxh2 39. Ke1 Ra2 40. Ra6 Bb3 41. Rxb6 Bxa4 42. Rb7 Be8 43. Kd1 g6 44. Ke1 Bf7 45. Kf1 Kg7 46. Kg1 f5 47. Rc7 Kf6 48. Rc6+ Be6 49. Rc7 g4 50. Rc1 g5 51. Re1 f4 52. Rc1 Kf5 53. Rf1 f3 54. Rc1 Kf4 55. Rf1 g3 56. Rc1 f2+ 57. Kf1 Bh3# {Black took control after the opening. Accuracy: White = 67%, Black = 93%.} 0-1

[Event "Stay Safe Play From Home 197"]
[Site "T#646544Emanuel Laske"]
[Date "2020.06.03"]
[Round "3"]
[White "Lamborghini"]
[Black "buzaglo"]
[Result "1-0"]
[WhiteElo "2201"]
[BlackElo "1943"]
[Annotator "TA"]
[PlyCount "71"]
[EventDate "2020.06.03"]
[EventType "swiss (blitz)"]

{[%evp 9,71,36,36,38,39,33,91,70,84,75,103,57,241,250,429,270,302,302,307,296,304,235,381,84,106,79,84,91,97,85,96,94,142,138,139,161,187,17,500,508,549,518,616,531,597,572,557,477,531,532,503,358,350,276,341,267,402,288,378,258,330,247,281,137]} 1. e4 e6 2. d4 d5 3. Nc3 c5 4. exd5 exd5 5. Nf3 c4 6. g3 {C10: French with 3 Nc3: Unusual Black 3rd moves and 3...dxe4.} Nf6 7. Bg2 {[#]} Bd6 $146 (7... h6 $14) ({Predecessor:} 7... Be7 8. O-O O-O 9. b3 cxb3 10. axb3 Nc6 11. Ne5 Bf5 12. g4 Nxe5 13. dxe5 Nxg4 14. Nxd5 {½-½ (39) Jones,G (2554)-Solomon,S (2430) Canberra 2010}) 8. O-O {White is better.} O-O 9. Ne5 Nbd7 10. f4 Ne8 $2 ({Better is} 10... Bb4 $14) 11. Nxd5 $18 Nxe5 $2 (11... Nef6 12. Ne3 Nb6) 12. dxe5 Bc7 13. Be3 Be6 14. Nxc7 Qxc7 15. Qd4 Rd8 (15... g6 $142 16. Qc5 Qb8) 16. Qe4 $2 (16. Qxa7 $18 {aiming for Bb6.} b5 17. Qc5) 16... Bd5 $16 17. Qf5 Bxg2 18. Kxg2 Qc6+ 19. Kg1 Nc7 20. Rad1 {[%cal Ba1d1,Bd1d3,Bd3g3][%mdl 32]} (20. Bxa7 $2 b6 $17) 20... Nd5 21. Bf2 c3 22. b3 {[%cal Bb2b3,Bb3b4][%mdl 32]} Nb4 {[#]} 23. a3 $2 (23. Rd6 $1 $18 {[%cal Rd6c6]} Rxd6 24. exd6) 23... Nxc2 $2 {[%mdl 8192]} (23... g6 $11 {and Black has nothing to worry.} 24. Qf6 Qxf6 25. exf6 Nxc2) 24. Qxc2 $18 Rc8 25. Rd3 Qe4 26. Rfd1 h5 27. b4 h4 28. gxh4 Qxf4 29. Rg3 Rc4 30. Rf1 Qxe5 31. Be3 {[#] And now Bh6 would win.} (31. Bxa7 Rd8) 31... Rxh4 32. Qg2 {Threatens to win with Bg5.} (32. Bxa7 Rc4 $18) 32... Rh7 (32... f5 {keeps fighting.} 33. Qa2+ (33. Bxa7 f4 $18) 33... Kh7) 33. Bf4 Qe6 34. Qf2 Qc6 35. Re1 ({Much less strong is} 35. Qxa7 c2 $18) 35... Qf6 36. Be5 {Accuracy: White = 41%, Black = 28%.} (36. Be3 $18 {is more deadly.} Qc6 37. Bxa7) 1-0

[Event "Stay Safe Play From Home 197"]
[Site "T#646544Emanuel Laske"]
[Date "2020.06.03"]
[Round "3"]
[White "Lazieri3"]
[Black "EL sanbary"]
[Result "1-0"]
[WhiteElo "2018"]
[BlackElo "1909"]
[Annotator "RC"]
[PlyCount "83"]
[EventDate "2020.06.03"]
[EventType "swiss (blitz)"]

1. e4 {[%emt 0:00:01]} c5 {[%emt 0:00:01]} 2. Nc3 {[%emt 0:00:00]} g6 {[%emt 0:00:01]} 3. d4 {[%emt 0:00:00]} cxd4 {[%emt 0:00:01]} 4. Qxd4 {[%emt 0:00:00]} Nf6 {[%emt 0:00:01]} 5. e5 {[%emt 0:00:01]} Nc6 {[%emt 0:00:00]} 6. Qe3 {[%emt 0:00:02]} Ng8 {[%emt 0:00:01]} 7. Nf3 {[%emt 0:00:02]} Bg7 {[%emt 0:00:00]} 8. Bb5 {[%emt 0:00:01]} Nh6 {[%emt 0:00:01]} 9. O-O {[%emt 0:00:01]} O-O {[%emt 0:00:01]} 10. h3 {[%emt 0:00:02]} d6 {[%emt 0:00:02]} 11. exd6 {[%emt 0:00:01]} exd6 {[%emt 0:00:00]} 12. Re1 {[%emt 0:00:04]} Nf5 {[%emt 0:00:02]} 13. Qe4 {[%emt 0:00:02]} Be6 {[%emt 0:00:02]} 14. Bxc6 {[%emt 0:00:01]} bxc6 {[%emt 0:00:00]} 15. Qxc6 {[%emt 0:00:00]} Rc8 {[%emt 0:00:01]} 16. Qa4 {[%emt 0:00:02]} Rxc3 {[%emt 0:00:01]} 17. bxc3 {[%emt 0:00:00]} Bxc3 {[%emt 0:00:01]} 18. Bg5 {[%emt 0:00:01]} Qc8 {[%emt 0:00:03]} 19. Qxa7 {[%emt 0:00:05]} Bxa1 {[%emt 0:00:03]} 20. Rxa1 {[%emt 0:00:00]} Qxc2 {[%emt 0:00:02]} 21. a4 {[%emt 0:00:04]} d5 {[%emt 0:00:02]} 22. a5 {[%emt 0:00:01]} Qc3 {[%emt 0:00:03]} 23. Rd1 {[%emt 0:00:04]} h5 {[%emt 0:00:04]} 24. Nd4 {[%emt 0:00:02]} Nxd4 {[%emt 0:00:02]} 25. Qxd4 {[%emt 0:00:01]} Qxa5 {[%emt 0:00:01]} 26. Bf6 {[%emt 0:00:01]} Kh7 {[%emt 0:00:05]} 27. Qe5 {[%emt 0:00:04]} Rg8 {[%emt 0:00:01]} 28. Qg5 {[%emt 0:00:01]} Qb4 {[%emt 0:00:01]} 29. g4 {[%emt 0:00:01]} Qb3 {[%emt 0:00:03]} 30. Rd2 {[%emt 0:00:02]} Qxh3 {[%emt 0:00:01]} 31. gxh5 {[%emt 0:00:01]} Qxh5 {[%emt 0:00:01]} 32. f4 {[%emt 0:00:03]} Qxg5+ {[%emt 0:00:01]} 33. fxg5 {[%emt 0:00:00]} Bg4 {[%emt 0:00:05]} 34. Rh2+ {[%emt 0:00:00]} Bh5 {[%emt 0:00:00]} 35. Rd2 {[%emt 0:00:01]} Rd8 {[%emt 0:00:00]} 36. Kf2 {[%emt 0:00:01]} Rd7 {[%emt 0:00:00]} 37. Ke3 {[%emt 0:00:00]} Kg8 {[%emt 0:00:01]} 38. Kd4 {[%emt 0:00:00]} Kf8 {[%emt 0:00:00]} 39. Re2 {[%emt 0:00:00]} Rd6 {[%emt 0:00:02]} 40. Rb2 {[%emt 0:00:00]} Rd7 {[%emt 0:00:00]} 41. Rb8+ {[%emt 0:00:00]} Rd8 {[%emt 0:00:01]} 42. Rxd8# {[%emt 0:00:00] (Lag: Av=0.42s, max=0.8s)} 1-0

[Event "Stay Safe Play From Home 197"]
[Site "T#646544Emanuel Laske"]
[Date "2020.06.03"]
[Round "3"]
[White "Haxhi Baha"]
[Black "Fischer_11"]
[Result "0-1"]
[WhiteElo "1994"]
[BlackElo "2076"]
[Annotator "NA RC"]
[PlyCount "128"]
[EventDate "2020.06.03"]
[EventType "swiss (blitz)"]

1. e4 {[%emt 0:00:01]} Nf6 {[%emt 0:00:01]} 2. e5 {[%emt 0:00:01]} Nd5 {[%emt 0:00:01]} 3. c4 {[%emt 0:00:00]} Nb6 {[%emt 0:00:01]} 4. d4 {[%emt 0:00:00]} d6 {[%emt 0:00:01]} 5. exd6 {[%emt 0:00:00]} cxd6 {[%emt 0:00:00]} 6. Nc3 {[%emt 0:00:00]} g6 {[%emt 0:00:00]} 7. Nf3 {[%emt 0:00:00]} Bg7 {[%emt 0:00:00]} 8. h3 {[%emt 0:00:01]} O-O {[%emt 0:00:00]} 9. Be3 {[%emt 0:00:01]} Nc6 {[%emt 0:00:00]} 10. Qd2 {[%emt 0:00:01]} d5 {[%emt 0:00:00]} 11. c5 {[%emt 0:00:01]} Nc4 {[%emt 0:00:01]} 12. Bxc4 {[%emt 0:00:01]} dxc4 {[%emt 0:00:00]} 13. O-O {[%emt 0:00:01]} Bf5 {[%emt 0:00:01]} 14. Rfd1 {[%emt 0:00:03]} Bd3 {[%emt 0:00:02]} 15. b3 {[%emt 0:00:01]} b6 {[%emt 0:00:03]} 16. cxb6 {[%emt 0:00:03]} axb6 {[%emt 0:00:00]} 17. bxc4 {[%emt 0:00:01]} Bxc4 {[%emt 0:00:01]} 18. Rac1 {[%emt 0:00:02]} e6 {[%emt 0:00:03]} 19. Bh6 {[%emt 0:00:03]} Nb4 {[%emt 0:00:05]} 20. Bxg7 {[%emt 0:00:01]} Kxg7 {[%emt 0:00:00]} 21. Ne4 {[%emt 0:00:01]} Bd5 {[%emt 0:00:09]} 22. Qxb4 {[%emt 0:00:01]} Bxe4 {[%emt 0:00:01]} 23. d5 {[%emt 0:00:01]} Bxf3 {[%emt 0:00:01]} 24. gxf3 {[%emt 0:00:02]} exd5 {[%emt 0:00:04]} 25. Qd4+ {[%emt 0:00:02]} Qf6 {[%emt 0:00:01]} 26. Qxd5 {[%emt 0:00:02]} Rxa2 {[%emt 0:00:00]} 27. Rc6 {[%emt 0:00:04]} Qb2 {[%emt 0:00:03]} 28. Qd4+ {[%emt 0:00:05]} Qxd4 {[%emt 0:00:01]} 29. Rxd4 {[%emt 0:00:00]} b5 {[%emt 0:00:00]} 30. Rb4 {[%emt 0:00:01]} Rb8 {[%emt 0:00:01]} 31. Rc5 {[%emt 0:00:01]} Ra3 {[%emt 0:00:00]} 32. Rcxb5 {[%emt 0:00:03]} Rxb5 {[%emt 0:00:00]} 33. Rxb5 {[%emt 0:00:00]} Rxf3 {[%emt 0:00:00]} 34. Kg2 {[%emt 0:00:00]} Rf5 {[%emt 0:00:01]} 35. Rxf5 {[%emt 0:00:02]} gxf5 {[%emt 0:00:00]} 36. f4 {[%emt 0:00:01]} Kg6 {[%emt 0:00:01]} 37. Kg3 {[%emt 0:00:00]} Kh5 {[%emt 0:00:00]} 38. h4 {[%emt 0:00:00]} Kg6 {[%emt 0:00:03]} 39. Kh3 {[%emt 0:00:01]} Kf6 {[%emt 0:00:00]} 40. Kg3 {[%emt 0:00:00]} Ke6 {[%emt 0:00:00]} 41. h5 {[%emt 0:00:00]} Kd5 {[%emt 0:00:01]} 42. Kf3 {[%emt 0:00:02]} Kd4 {[%emt 0:00:01]} 43. h6 {[%emt 0:00:00]} Kd3 {[%emt 0:00:02]} 44. Kg3 {[%emt 0:00:01]} Ke4 {[%emt 0:00:00]} 45. Kh4 {[%emt 0:00:00]} Kxf4 {[%emt 0:00:00]} 46. Kh5 {[%emt 0:00:00]} Ke5 {[%emt 0:00:01]} 47. Kg5 {[%emt 0:00:00]} f6+ {[%emt 0:00:01]} 48. Kh5 {[%emt 0:00:02]} f4 {[%emt 0:00:00]} 49. Kg4 {[%emt 0:00:00]} Ke4 {[%emt 0:00:00]} 50. Kh5 {[%emt 0:00:00]} f3 {[%emt 0:00:00]} 51. Kg4 {[%emt 0:00:00]} f2 {[%emt 0:00:00]} 52. Kg3 {[%emt 0:00:00]} f1=Q {[%emt 0:00:00]} 53. Kg4 {[%emt 0:00:00]} Qf5+ {[%emt 0:00:00]} 54. Kg3 {[%emt 0:00:01]} Qg6+ {[%emt 0:00:00]} 55. Kf2 {[%emt 0:00:00]} Qxh6 {[%emt 0:00:00]} 56. Ke2 {[%emt 0:00:00]} Qg6 {[%emt 0:00:00]} 57. Kd1 {[%emt 0:00:00]} Qf5 {[%emt 0:00:00]} 58. Kc2 {[%emt 0:00:00]} Qf4 {[%emt 0:00:00]} 59. Kc3 {[%emt 0:00:00]} Qf3+ {[%emt 0:00:00]} 60. Kc4 {[%emt 0:00:00]} Qd3+ {[%emt 0:00:00]} 61. Kb4 {[%emt 0:00:00]} Qc2 {[%emt 0:00:01]} 62. Kb5 {[%emt 0:00:01]} Kd5 {[%emt 0:00:00]} 63. Kb4 {[%emt 0:00:00]} Qc4+ {[%emt 0:00:00]} 64. Ka3 {[%emt 0:00:00]} Qb5 {[%emt 0:00:01] Time (Lag: Av=0.57s, max=1.3s)} 0-1

[Event "Stay Safe Play From Home 197"]
[Site "T#646544Emanuel Laske"]
[Date "2020.06.03"]
[Round "3"]
[White "GIULIO19031975"]
[Black "Broken sword"]
[Result "0-1"]
[WhiteElo "1771"]
[BlackElo "2445"]
[Annotator "NA RC"]
[PlyCount "116"]
[EventDate "2020.06.03"]
[EventType "swiss (blitz)"]

1. e4 {[%emt 0:00:03]} c5 {[%emt 0:00:01]} 2. Nf3 {[%emt 0:00:01]} e6 {[%emt 0:00:00]} 3. Nc3 {[%emt 0:00:01]} a6 {[%emt 0:00:00]} 4. d4 {[%emt 0:00:01]} cxd4 {[%emt 0:00:00]} 5. Qxd4 {[%emt 0:00:01]} Nc6 {[%emt 0:00:02]} 6. Qe3 {[%emt 0:00:01]} d6 {[%emt 0:00:01]} 7. a3 {[%emt 0:00:01]} Qc7 {[%emt 0:00:01]} 8. Bd3 {[%emt 0:00:01]} Nf6 {[%emt 0:00:01]} 9. Bd2 {[%emt 0:00:01]} Be7 {[%emt 0:00:00]} 10. h3 {[%emt 0:00:01]} b5 {[%emt 0:00:00]} 11. O-O {[%emt 0:00:01]} Bb7 {[%emt 0:00:00]} 12. Rac1 {[%emt 0:00:01]} Nd7 {[%emt 0:00:00]} 13. Ne2 {[%emt 0:00:01]} Nde5 {[%emt 0:00:01]} 14. Nxe5 {[%emt 0:00:01]} Nxe5 {[%emt 0:00:00]} 15. f4 {[%emt 0:00:01]} Nc4 {[%emt 0:00:01]} 16. Bxc4 {[%emt 0:00:01]} Qxc4 {[%emt 0:00:00]} 17. b3 {[%emt 0:00:01]} Qc5 {[%emt 0:00:01]} 18. Qxc5 {[%emt 0:00:01]} dxc5 {[%emt 0:00:00]} 19. Be3 {[%emt 0:00:00]} Bxe4 {[%emt 0:00:02]} 20. c4 {[%emt 0:00:01]} bxc4 {[%emt 0:00:02]} 21. Rxc4 {[%emt 0:00:01]} Bd3 {[%emt 0:00:01]} 22. Rxc5 {[%emt 0:00:01]} Bxc5 {[%emt 0:00:03]} 23. Bxc5 {[%emt 0:00:01]} Bxe2 {[%emt 0:00:00]} 24. Re1 {[%emt 0:00:01]} Bb5 {[%emt 0:00:01]} 25. b4 {[%emt 0:00:01]} Rc8 {[%emt 0:00:02]} 26. f5 {[%emt 0:00:01]} Bd7 {[%emt 0:00:02]} 27. fxe6 {[%emt 0:00:01]} Bxe6 {[%emt 0:00:00]} 28. Re3 {[%emt 0:00:02]} Rxc5 {[%emt 0:00:02]} 29. bxc5 {[%emt 0:00:01]} Kd7 {[%emt 0:00:00]} 30. Rc3 {[%emt 0:00:02]} Kc6 {[%emt 0:00:01]} 31. Kf2 {[%emt 0:00:01]} Rd8 {[%emt 0:00:01]} 32. Ke3 {[%emt 0:00:01]} Rd5 {[%emt 0:00:01]} 33. Rb3 {[%emt 0:00:02]} Re5+ {[%emt 0:00:01]} 34. Kd4 {[%emt 0:00:01]} Rxc5 {[%emt 0:00:01]} 35. Rg3 {[%emt 0:00:01]} g6 {[%emt 0:00:01]} 36. h4 {[%emt 0:00:01]} Rd5+ {[%emt 0:00:01]} 37. Ke4 {[%emt 0:00:01]} Ra5 {[%emt 0:00:01]} 38. Re3 {[%emt 0:00:02]} Ra4+ {[%emt 0:00:02]} 39. Kf3 {[%emt 0:00:01]} Rxh4 {[%emt 0:00:00]} 40. g3 {[%emt 0:00:01]} Rc4 {[%emt 0:00:01]} 41. g4 {[%emt 0:00:01]} Bxg4+ {[%emt 0:00:02]} 42. Kg3 {[%emt 0:00:01]} Be6 {[%emt 0:00:00]} 43. Re1 {[%emt 0:00:01]} a5 {[%emt 0:00:01]} 44. Rb1 {[%emt 0:00:01]} a4 {[%emt 0:00:01]} 45. Rh1 {[%emt 0:00:01]} h5 {[%emt 0:00:01]} 46. Rh4 {[%emt 0:00:01]} Rc3+ {[%emt 0:00:01]} 47. Kf4 {[%emt 0:00:01]} Rxa3 {[%emt 0:00:00]} 48. Kg5 {[%emt 0:00:01]} Ra1 {[%emt 0:00:01]} 49. Kf6 {[%emt 0:00:00]} a3 {[%emt 0:00:00]} 50. Ke7 {[%emt 0:00:01]} a2 {[%emt 0:00:00]} 51. Rd4 {[%emt 0:00:01]} Rc1 {[%emt 0:00:02]} 52. Rd6+ {[%emt 0:00:00]} Kc5 {[%emt 0:00:01]} 53. Rd8 {[%emt 0:00:01]} a1=Q {[%emt 0:00:01]} 54. Rc8+ {[%emt 0:00:00]} Kd4 {[%emt 0:00:00]} 55. Rd8+ {[%emt 0:00:01]} Ke5 {[%emt 0:00:01]} 56. Kf8 {[%emt 0:00:02]} Kf6 {[%emt 0:00:02]} 57. Rd6 {[%emt 0:00:02]} Rc8+ {[%emt 0:00:03]} 58. Rd8 {[%emt 0:00:02]} Rxd8# {[%emt 0:00:01] (Lag: Av=0.32s, max=0.6s)} 0-1

[Event "Stay Safe Play From Home 197"]
[Site "T#646544Emanuel Laske"]
[Date "2020.06.03"]
[Round "3"]
[White "Edmatuag"]
[Black "Matanant"]
[Result "1-0"]
[WhiteElo "1640"]
[BlackElo "1642"]
[Annotator "NA RC"]
[PlyCount "61"]
[EventDate "2020.06.03"]
[EventType "swiss (blitz)"]

1. e4 {[%emt 0:00:01]} e5 {[%emt 0:00:01]} 2. Nf3 {[%emt 0:00:01]} d5 {[%emt 0:00:04]} 3. exd5 {[%emt 0:00:03]} e4 {[%emt 0:00:01]} 4. Ne5 {[%emt 0:00:03]} Qxd5 {[%emt 0:00:02]} 5. d4 {[%emt 0:00:02]} exd3 {[%emt 0:00:01]} 6. Nxd3 {[%emt 0:00:02]} Nf6 {[%emt 0:00:04]} 7. Nc3 {[%emt 0:00:01]} Qd8 {[%emt 0:00:02]} 8. Bg5 {[%emt 0:00:02]} Be7 {[%emt 0:00:01]} 9. Qd2 {[%emt 0:00:02]} O-O {[%emt 0:00:02]} 10. O-O-O {[%emt 0:00:00]} Nc6 {[%emt 0:00:02]} 11. g3 {[%emt 0:00:01]} Be6 {[%emt 0:00:01]} 12. Bg2 {[%emt 0:00:01]} Nb4 {[%emt 0:00:06]} 13. Nxb4 {[%emt 0:00:02]} Bxb4 {[%emt 0:00:03]} 14. Qxd8 {[%emt 0:00:05]} Raxd8 {[%emt 0:00:01]} 15. Rxd8 {[%emt 0:00:01]} Rxd8 {[%emt 0:00:02]} 16. Rd1 {[%emt 0:00:02]} Rxd1+ {[%emt 0:00:04]} 17. Nxd1 {[%emt 0:00:02]} Bd5 {[%emt 0:00:02]} 18. Bxd5 {[%emt 0:00:02]} Nxd5 {[%emt 0:00:02]} 19. c4 {[%emt 0:00:03]} Be7 {[%emt 0:00:02]} 20. Bxe7 {[%emt 0:00:03]} Nxe7 {[%emt 0:00:02]} 21. Ne3 {[%emt 0:00:00]} c6 {[%emt 0:00:03]} 22. b4 {[%emt 0:00:01]} g6 {[%emt 0:00:02]} 23. Kc2 {[%emt 0:00:00]} f5 {[%emt 0:00:02]} 24. Kc3 {[%emt 0:00:00]} Kf7 {[%emt 0:00:01]} 25. f4 {[%emt 0:00:01]} Ke6 {[%emt 0:00:01]} 26. Kd4 {[%emt 0:00:01]} b6 {[%emt 0:00:02]} 27. a4 {[%emt 0:00:02]} Nc8 {[%emt 0:00:02]} 28. b5 {[%emt 0:00:03]} c5+ {[%emt 0:00:01]} 29. Kd3 {[%emt 0:00:01]} Ne7 {[%emt 0:00:01]} 30. Ke2 {[%emt 0:00:01]} Kd6 {[%emt 0:00:01]} 31. Kf3 {[%emt 0:00:01] Time (Lag: Av=0.64s, max=0.9s)} 1-0

[Event "Stay Safe Play From Home 197"]
[Site "T#646544Emanuel Laske"]
[Date "2020.06.03"]
[Round "3"]
[White "Trotsky"]
[Black "Abhi46698"]
[Result "1-0"]
[WhiteElo "1575"]
[BlackElo "1188"]
[Annotator "NA RC"]
[PlyCount "43"]
[EventDate "2020.06.03"]
[EventType "swiss (blitz)"]

1. d4 {[%emt 0:00:01]} d6 {[%emt 0:00:01]} 2. e3 {[%emt 0:00:00]} Nf6 {[%emt 0:00:01]} 3. c4 {[%emt 0:00:01]} e5 {[%emt 0:00:01]} 4. Nc3 {[%emt 0:00:01]} Nbd7 {[%emt 0:00:03]} 5. Bd3 {[%emt 0:00:01]} Be7 {[%emt 0:00:02]} 6. Qc2 {[%emt 0:00:01]} O-O {[%emt 0:00:01]} 7. Nf3 {[%emt 0:00:01]} g6 {[%emt 0:00:02]} 8. h4 {[%emt 0:00:01]} h5 {[%emt 0:00:02]} 9. Ng5 {[%emt 0:00:01]} Kg7 {[%emt 0:00:04]} 10. Bxg6 {[%emt 0:00:07]} fxg6 {[%emt 0:00:02]} 11. Ne6+ {[%emt 0:00:01]} Kh7 {[%emt 0:00:07]} 12. Nxd8 {[%emt 0:00:02]} Bxd8 {[%emt 0:00:00]} 13. Bd2 {[%emt 0:00:01]} Ng4 {[%emt 0:00:03]} 14. f3 {[%emt 0:00:02]} Ngf6 {[%emt 0:00:11]} 15. O-O-O {[%emt 0:00:01]} exd4 {[%emt 0:00:02]} 16. exd4 {[%emt 0:00:01]} Nb6 {[%emt 0:00:03]} 17. g4 {[%emt 0:00:01]} hxg4 {[%emt 0:00:04]} 18. fxg4 {[%emt 0:00:01]} Bxg4 {[%emt 0:00:02]} 19. Rdg1 {[%emt 0:00:02]} Bf5 {[%emt 0:00:02]} 20. Qd1 {[%emt 0:00:02]} Nxc4 {[%emt 0:00:02]} 21. h5 {[%emt 0:00:01]} Nxd2 {[%emt 0:00:03]} 22. Kxd2 {[%emt 0:00:03] Time ' (Lag: Av=0.59s, max=0.9s)} 1-0

[Event "Stay Safe Play From Home 197"]
[Site "T#646544Emanuel Laske"]
[Date "2020.06.03"]
[Round "4"]
[White "Broken sword"]
[Black "SoulofWolf"]
[Result "1-0"]
[WhiteElo "2445"]
[BlackElo "2220"]
[Annotator "TA"]
[PlyCount "115"]
[EventDate "2020.06.03"]
[EventType "swiss (blitz)"]

{[%evp 9,114,81,70,60,55,61,74,17,16,20,36,12,39,24,42,-20,41,-7,0,-8,6,-29,-37,-60,143,-81,-87,-80,-80,-90,-86,-105,-71,-87,-66,-60,-58,-87,-79,-178,261,258,1088,351,1641,369,361,350,351,284,433,429,497,485,486,411,417,406,517,542,639,620,818,810,810,810,803,798,791,757,781,747,1618,1363,12799,5093,29981,29975,29982,29983,29983,29981,29983,29984,29988,29985,29985,29982,29984,29983,29985,29986,29986,29987,29991,29992,29994,29993,29994,29995,29997,29995,29997,29997,29999,29999,29999]} 1. e4 e6 2. d4 d5 3. Nd2 dxe4 4. Nxe4 c6 5. Nf3 Nd7 6. g3 {C10: French with 3 Nc3: Unusual Black 3rd moves and 3...dxe4.} Be7 7. Bg2 Ngf6 {[#]} 8. Ned2 $146 (8. Nxf6+ $16 Nxf6 9. O-O) ({Predecessor:} 8. Nc3 Nd5 9. O-O O-O 10. Re1 c5 11. Ne2 e5 12. Nxe5 Nxe5 13. dxe5 Be6 14. Nf4 Nxf4 15. Bxf4 {1-0 (33) Menard,M (1576)-Beland,G (1408) Gatineau 2010}) 8... O-O $11 9. O-O Qc7 10. c4 b5 11. b3 bxc4 12. bxc4 (12. Nxc4 $14 Nd5 13. Bd2) 12... Rb8 (12... c5 $1 $11) 13. Qc2 c5 14. Nb3 cxd4 15. Nbxd4 Ba6 16. Nd2 {With the idea Nc6.} Rfc8 $2 {[#]} (16... Ne5 $15 {keeps the upper hand.}) 17. N4b3 $2 (17. Nc6 $16 Bc5 18. Nxb8 Rxb8 19. Bb2) 17... Ne5 $36 {[%mdl 2048] Black is in control.} 18. Bb2 Nxc4 19. Nxc4 Qxc4 20. Qd2 Qg4 21. h3 Qh5 22. Rfc1 Rd8 23. Qe3 Nd5 24. Qxa7 {[#]} (24. Qf3 $17 {was called for.} Qxf3 25. Bxf3) 24... Bd3 $4 {[%mdl 8192]} (24... Ra8 $1 $19 {[%cal Ra8a7] and life is good for Black.} 25. Qd4 Bf6) 25. Bxd5 $1 $18 {Black is on the road to losing.} Ra8 $2 (25... exd5 26. Qxe7 Re8) 26. Qxe7 $2 (26. Bxa8 Bg5 27. Rd1) 26... Re8 $2 (26... Qxd5 27. Rd1 Qf5) 27. Qh4 $2 (27. Bxa8 Rxa8 28. Qb7) 27... Qxh4 28. gxh4 exd5 29. Re1 Be4 (29... Rxe1+ $142 30. Rxe1 h6) 30. Nc5 f5 31. Nxe4 fxe4 32. Bd4 Ra4 33. Red1 Rb8 34. Be3 Rb2 35. Rxd5 Raxa2 36. Rxa2 Rxa2 {[%mdl 4096] Endgame KRB-KR} 37. Rd4 Ra1+ 38. Kg2 Ra8 39. Rxe4 Rf8 40. Rg4 Rf7 41. h5 h6 42. Bd4 Rd7 43. Be5 {White mates.} Re7 44. f4 Rb7 45. Rg6 Kf8 46. Kf3 Re7 47. Ke4 Rf7 48. Kd5 Ra7 49. Ke6 Ra6+ 50. Bd6+ Kg8 51. f5 Rb6 52. f6 Kh7 53. Rxg7+ Kh8 54. Rg6 Rb2 55. Be5 Re2 56. f7+ Kh7 57. Rg7+ Kh8 58. f8=Q# {Accuracy: White = 61%, Black = 44%.} 1-0